| 000 | 00816cab a22002055a 4500 | ||
|---|---|---|---|
| 001 | L143800 | ||
| 008 | 080602e20080522xxk f 000 0 eng d | ||
| 035 | _a(Sirsi) u143800 | ||
| 041 | 0 | _aeng | |
| 100 | 1 | _aBowcott, Jonathan | |
| 245 | 0 | 0 | _aThere's no point to NECs unless all parties are prepared to share risk |
| 260 | _c2008 | ||
| 490 | 0 |
_aConstruction News _v(7069) 22 May 2008, 42(1) |
|
| 520 | _aArgues that NECs should reduce claims, but that they only work if contractors and clients trust one another. Reviews the problems associated with traditional construction contracts. | ||
| 590 | _aKA | ||
| 650 | 2 | 4 | _aNEC ENGINEERING AND CONSTRUCTION CONTRACT (THIRD EDITION) |
| 651 | 4 |
_aUnited Kingdom _y |
|
| 690 | _aBUILT ENVIRONMENT-CONSTRUCTION MANAGEMENT-BUILDING CONTRACT ADMINISTRATION | ||
| 942 | _n0 | ||
| 999 |
_c80282 _d80282 |
||